Provinces of Rhodesia in 1970 on a Map - Statistics

General Stats
  • This quiz has been taken 66 times
  • The average score is 4 of 9
Answers on the Map
Answers color-coded by a green-red scale on the quiz's map according to % correct below.
 
Answer Stats
Answer % Correct
Salisbury
81%
Bulawayo
65%
Victoria
49%
Midlands
41%
Manicaland
32%
North Mashonaland
32%
North Matabeleland
30%
South Mashonaland
30%
South Matabeleland
30%
No matching quizzes found
Score Distribution
Percent of People with Each Score
Percentile by Number Answered
Your Score History
You have not taken this quiz